<?xml version="1.0" encoding="UTF-8"?>
<collection xmlns="http://www.loc.gov/MARC21/slim">
 <record>
  <leader>04123cam a2200589 a 4500</leader>
  <controlfield tag="001">8684</controlfield>
  <controlfield tag="003">BD-DhAAL</controlfield>
  <controlfield tag="005">20240709103918.0</controlfield>
  <controlfield tag="008">160723t20122001mau           000 1 eng d</controlfield>
  <datafield tag="010" ind1=" " ind2=" ">
   <subfield code="a">  2013404432</subfield>
  </datafield>
  <datafield tag="020" ind1=" " ind2=" ">
   <subfield code="a">9780857865533</subfield>
  </datafield>
  <datafield tag="020" ind1=" " ind2=" ">
   <subfield code="a">9780547848419 (pbk.)</subfield>
  </datafield>
  <datafield tag="020" ind1=" " ind2=" ">
   <subfield code="a">0547848412 (pbk.)</subfield>
  </datafield>
  <datafield tag="020" ind1=" " ind2=" ">
   <subfield code="a">9780857865540</subfield>
  </datafield>
  <datafield tag="035" ind1=" " ind2=" ">
   <subfield code="a">(OCoLC)ocn811259905</subfield>
  </datafield>
  <datafield tag="040" ind1=" " ind2=" ">
   <subfield code="a">JBU</subfield>
   <subfield code="c">JBU</subfield>
   <subfield code="d">GL4</subfield>
   <subfield code="d">YDXCP</subfield>
   <subfield code="d">T7A</subfield>
   <subfield code="d">ORX</subfield>
   <subfield code="d">CUS</subfield>
   <subfield code="d">WEA</subfield>
   <subfield code="d">DLC</subfield>
   <subfield code="d">BD-DhAAL</subfield>
  </datafield>
  <datafield tag="050" ind1="0" ind2="0">
   <subfield code="a">PR9199.3.M3855</subfield>
   <subfield code="b">L54 2012</subfield>
  </datafield>
  <datafield tag="082" ind1="0" ind2="4">
   <subfield code="a">813.54</subfield>
   <subfield code="2">23</subfield>
  </datafield>
  <datafield tag="100" ind1="1" ind2=" ">
   <subfield code="a">Martel, Yann,</subfield>
   <subfield code="e">author.</subfield>
   <subfield code="9">20079</subfield>
  </datafield>
  <datafield tag="245" ind1="1" ind2="0">
   <subfield code="a">Life of Pi :</subfield>
   <subfield code="b">a novel /</subfield>
   <subfield code="c">Yann Martel.</subfield>
  </datafield>
  <datafield tag="264" ind1=" " ind2=" ">
   <subfield code="a">London ;</subfield>
   <subfield code="a">Boston :</subfield>
   <subfield code="b">Canongate ;</subfield>
   <subfield code="b">Mariner Books/Houghton Mifflin Harcourt,</subfield>
   <subfield code="c">c2001, 2012.</subfield>
  </datafield>
  <datafield tag="300" ind1=" " ind2=" ">
   <subfield code="a">xiv, 319 pages ;</subfield>
   <subfield code="c">21 cm.</subfield>
  </datafield>
  <datafield tag="541" ind1=" " ind2=" ">
   <subfield code="e">8684</subfield>
  </datafield>
  <datafield tag="586" ind1=" " ind2=" ">
   <subfield code="a">Booker Prize for Fiction, 2003.</subfield>
  </datafield>
  <datafield tag="650" ind1=" " ind2="0">
   <subfield code="a">Shipwreck survival</subfield>
   <subfield code="v">Fiction.</subfield>
   <subfield code="9">20080</subfield>
  </datafield>
  <datafield tag="650" ind1=" " ind2="0">
   <subfield code="a">Survival at sea</subfield>
   <subfield code="v">Fiction.</subfield>
   <subfield code="9">20081</subfield>
  </datafield>
  <datafield tag="650" ind1=" " ind2="0">
   <subfield code="a">Human-animal relationships</subfield>
   <subfield code="v">Fiction.</subfield>
   <subfield code="9">20082</subfield>
  </datafield>
  <datafield tag="650" ind1=" " ind2="0">
   <subfield code="a">Storytelling</subfield>
   <subfield code="v">Fiction.</subfield>
   <subfield code="9">20083</subfield>
  </datafield>
  <datafield tag="650" ind1=" " ind2="0">
   <subfield code="a">Teenage boys</subfield>
   <subfield code="v">Fiction.</subfield>
   <subfield code="9">20084</subfield>
  </datafield>
  <datafield tag="650" ind1=" " ind2="0">
   <subfield code="a">Ocean travel</subfield>
   <subfield code="v">Fiction.</subfield>
   <subfield code="9">20085</subfield>
  </datafield>
  <datafield tag="650" ind1=" " ind2="0">
   <subfield code="a">Zoo animals</subfield>
   <subfield code="v">Fiction.</subfield>
   <subfield code="9">20086</subfield>
  </datafield>
  <datafield tag="650" ind1=" " ind2="0">
   <subfield code="a">Orphans</subfield>
   <subfield code="v">Fiction.</subfield>
   <subfield code="9">20087</subfield>
  </datafield>
  <datafield tag="650" ind1=" " ind2="0">
   <subfield code="a">Tiger</subfield>
   <subfield code="v">Fiction.</subfield>
   <subfield code="9">20088</subfield>
  </datafield>
  <datafield tag="651" ind1=" " ind2="0">
   <subfield code="a">Pacific Ocean</subfield>
   <subfield code="v">Fiction.</subfield>
   <subfield code="9">20089</subfield>
  </datafield>
  <datafield tag="655" ind1=" " ind2="0">
   <subfield code="a">Psychological fiction.</subfield>
  </datafield>
  <datafield tag="852" ind1=" " ind2=" ">
   <subfield code="a">Ayesha Abed Library</subfield>
   <subfield code="c">General Stacks</subfield>
  </datafield>
  <datafield tag="942" ind1=" " ind2=" ">
   <subfield code="2">ddc</subfield>
   <subfield code="c">BK</subfield>
  </datafield>
  <datafield tag="999" ind1=" " ind2=" ">
   <subfield code="c">37708</subfield>
   <subfield code="d">37708</subfield>
  </datafield>
  <datafield tag="952" ind1=" " ind2=" ">
   <subfield code="0">0</subfield>
   <subfield code="1">0</subfield>
   <subfield code="2">ddc</subfield>
   <subfield code="4">0</subfield>
   <subfield code="6">813_000000000000000__54_MAR</subfield>
   <subfield code="7">0</subfield>
   <subfield code="9">59393</subfield>
   <subfield code="a">SCL</subfield>
   <subfield code="b">SCL</subfield>
   <subfield code="c">GEN</subfield>
   <subfield code="d">2016-07-23</subfield>
   <subfield code="e">Tajin Boi Gar</subfield>
   <subfield code="g">130.00</subfield>
   <subfield code="l">11</subfield>
   <subfield code="m">55</subfield>
   <subfield code="o">813.54 MAR</subfield>
   <subfield code="p">3020008684</subfield>
   <subfield code="r">2022-08-01</subfield>
   <subfield code="s">2022-07-25</subfield>
   <subfield code="t">1</subfield>
   <subfield code="w">2016-07-23</subfield>
   <subfield code="y">BK</subfield>
  </datafield>
  <datafield tag="952" ind1=" " ind2=" ">
   <subfield code="0">0</subfield>
   <subfield code="1">0</subfield>
   <subfield code="2">ddc</subfield>
   <subfield code="4">0</subfield>
   <subfield code="6">813_000000000000000__54_MAR</subfield>
   <subfield code="7">0</subfield>
   <subfield code="9">59458</subfield>
   <subfield code="a">SCL</subfield>
   <subfield code="b">SCL</subfield>
   <subfield code="c">GEN</subfield>
   <subfield code="d">2016-07-26</subfield>
   <subfield code="e">Tajin Boi Gar</subfield>
   <subfield code="g">130.00</subfield>
   <subfield code="l">11</subfield>
   <subfield code="m">70</subfield>
   <subfield code="o">813.54 MAR</subfield>
   <subfield code="p">3020008685</subfield>
   <subfield code="r">2022-07-02</subfield>
   <subfield code="s">2022-06-24</subfield>
   <subfield code="t">2</subfield>
   <subfield code="w">2016-07-26</subfield>
   <subfield code="y">BK</subfield>
  </datafield>
  <datafield tag="952" ind1=" " ind2=" ">
   <subfield code="0">0</subfield>
   <subfield code="1">0</subfield>
   <subfield code="2">ddc</subfield>
   <subfield code="4">0</subfield>
   <subfield code="6">813_000000000000000__54_MAR</subfield>
   <subfield code="7">0</subfield>
   <subfield code="9">60365</subfield>
   <subfield code="a">SCL</subfield>
   <subfield code="b">SCL</subfield>
   <subfield code="c">GEN</subfield>
   <subfield code="d">2017-04-19</subfield>
   <subfield code="e">Tajin Boi Ghar</subfield>
   <subfield code="g">120.00</subfield>
   <subfield code="l">13</subfield>
   <subfield code="m">42</subfield>
   <subfield code="o">813.54 MAR</subfield>
   <subfield code="p">3020008931</subfield>
   <subfield code="r">2020-02-19</subfield>
   <subfield code="s">2020-01-17</subfield>
   <subfield code="t">3</subfield>
   <subfield code="w">2017-04-19</subfield>
   <subfield code="y">BK</subfield>
  </datafield>
  <datafield tag="952" ind1=" " ind2=" ">
   <subfield code="0">0</subfield>
   <subfield code="1">0</subfield>
   <subfield code="2">ddc</subfield>
   <subfield code="4">0</subfield>
   <subfield code="6">813_000000000000000__54_MAR</subfield>
   <subfield code="7">0</subfield>
   <subfield code="9">60366</subfield>
   <subfield code="a">SCL</subfield>
   <subfield code="b">SCL</subfield>
   <subfield code="c">GEN</subfield>
   <subfield code="d">2017-04-19</subfield>
   <subfield code="e">Tajin Boi Ghar</subfield>
   <subfield code="g">120.00</subfield>
   <subfield code="l">13</subfield>
   <subfield code="m">53</subfield>
   <subfield code="o">813.54 MAR</subfield>
   <subfield code="p">3020008932</subfield>
   <subfield code="r">2025-12-29</subfield>
   <subfield code="s">2025-12-16</subfield>
   <subfield code="t">4</subfield>
   <subfield code="w">2017-04-19</subfield>
   <subfield code="y">BK</subfield>
  </datafield>
  <datafield tag="952" ind1=" " ind2=" ">
   <subfield code="0">0</subfield>
   <subfield code="1">0</subfield>
   <subfield code="2">ddc</subfield>
   <subfield code="4">0</subfield>
   <subfield code="6">813_000000000000000__54_MAR</subfield>
   <subfield code="7">0</subfield>
   <subfield code="9">60367</subfield>
   <subfield code="a">SCL</subfield>
   <subfield code="b">SCL</subfield>
   <subfield code="c">GEN</subfield>
   <subfield code="d">2017-04-19</subfield>
   <subfield code="e">Tajin Boi Ghar</subfield>
   <subfield code="g">120.00</subfield>
   <subfield code="l">9</subfield>
   <subfield code="m">53</subfield>
   <subfield code="o">813.54 MAR</subfield>
   <subfield code="p">3020008933</subfield>
   <subfield code="r">2020-02-24</subfield>
   <subfield code="s">2020-01-16</subfield>
   <subfield code="t">5</subfield>
   <subfield code="w">2017-04-19</subfield>
   <subfield code="y">BK</subfield>
  </datafield>
  <datafield tag="952" ind1=" " ind2=" ">
   <subfield code="0">0</subfield>
   <subfield code="1">0</subfield>
   <subfield code="2">ddc</subfield>
   <subfield code="4">0</subfield>
   <subfield code="6">813_000000000000000__54_MAR</subfield>
   <subfield code="7">0</subfield>
   <subfield code="9">60368</subfield>
   <subfield code="a">SCL</subfield>
   <subfield code="b">SCL</subfield>
   <subfield code="c">GEN</subfield>
   <subfield code="d">2017-04-19</subfield>
   <subfield code="e">Tajin Boi Ghar</subfield>
   <subfield code="g">120.00</subfield>
   <subfield code="l">10</subfield>
   <subfield code="m">45</subfield>
   <subfield code="o">813.54 MAR</subfield>
   <subfield code="p">3020008934</subfield>
   <subfield code="r">2025-09-11</subfield>
   <subfield code="s">2025-08-31</subfield>
   <subfield code="t">6</subfield>
   <subfield code="w">2017-04-19</subfield>
   <subfield code="y">BK</subfield>
  </datafield>
  <datafield tag="952" ind1=" " ind2=" ">
   <subfield code="0">0</subfield>
   <subfield code="1">0</subfield>
   <subfield code="2">ddc</subfield>
   <subfield code="4">0</subfield>
   <subfield code="6">813_000000000000000__54_MAR</subfield>
   <subfield code="7">0</subfield>
   <subfield code="9">60369</subfield>
   <subfield code="a">SCL</subfield>
   <subfield code="b">SCL</subfield>
   <subfield code="c">GEN</subfield>
   <subfield code="d">2017-04-19</subfield>
   <subfield code="e">Tajin Boi Ghar</subfield>
   <subfield code="g">120.00</subfield>
   <subfield code="l">14</subfield>
   <subfield code="m">54</subfield>
   <subfield code="o">813.54 MAR</subfield>
   <subfield code="p">3020008935</subfield>
   <subfield code="r">2025-10-27</subfield>
   <subfield code="s">2025-10-21</subfield>
   <subfield code="t">7</subfield>
   <subfield code="w">2017-04-19</subfield>
   <subfield code="y">BK</subfield>
  </datafield>
  <datafield tag="952" ind1=" " ind2=" ">
   <subfield code="0">0</subfield>
   <subfield code="1">0</subfield>
   <subfield code="2">ddc</subfield>
   <subfield code="4">0</subfield>
   <subfield code="6">813_000000000000000__54_MAR</subfield>
   <subfield code="7">0</subfield>
   <subfield code="9">61182</subfield>
   <subfield code="a">SCL</subfield>
   <subfield code="b">SCL</subfield>
   <subfield code="c">GEN</subfield>
   <subfield code="d">2017-09-14</subfield>
   <subfield code="e">Tajin Boi Gar</subfield>
   <subfield code="g">150.00</subfield>
   <subfield code="l">12</subfield>
   <subfield code="m">42</subfield>
   <subfield code="o">813.54 MAR</subfield>
   <subfield code="p">3020009260</subfield>
   <subfield code="r">2024-02-08</subfield>
   <subfield code="s">2024-01-24</subfield>
   <subfield code="t">8</subfield>
   <subfield code="w">2017-09-14</subfield>
   <subfield code="y">BK</subfield>
  </datafield>
  <datafield tag="952" ind1=" " ind2=" ">
   <subfield code="0">0</subfield>
   <subfield code="1">0</subfield>
   <subfield code="2">ddc</subfield>
   <subfield code="4">0</subfield>
   <subfield code="6">813_000000000000000__54_MAR</subfield>
   <subfield code="7">0</subfield>
   <subfield code="9">61183</subfield>
   <subfield code="a">SCL</subfield>
   <subfield code="b">SCL</subfield>
   <subfield code="c">GEN</subfield>
   <subfield code="d">2017-09-14</subfield>
   <subfield code="e">Tajin Boi Gar</subfield>
   <subfield code="g">150.00</subfield>
   <subfield code="l">10</subfield>
   <subfield code="m">60</subfield>
   <subfield code="o">813.54 MAR</subfield>
   <subfield code="p">3020009261</subfield>
   <subfield code="r">2024-06-29</subfield>
   <subfield code="s">2024-06-05</subfield>
   <subfield code="t">9</subfield>
   <subfield code="w">2017-09-14</subfield>
   <subfield code="y">BK</subfield>
  </datafield>
  <datafield tag="952" ind1=" " ind2=" ">
   <subfield code="0">0</subfield>
   <subfield code="1">0</subfield>
   <subfield code="2">ddc</subfield>
   <subfield code="4">0</subfield>
   <subfield code="6">813_000000000000000__54_MAR</subfield>
   <subfield code="7">0</subfield>
   <subfield code="9">61184</subfield>
   <subfield code="a">SCL</subfield>
   <subfield code="b">SCL</subfield>
   <subfield code="c">GEN</subfield>
   <subfield code="d">2017-09-14</subfield>
   <subfield code="e">Tajin Boi Gar</subfield>
   <subfield code="g">150.00</subfield>
   <subfield code="l">11</subfield>
   <subfield code="m">55</subfield>
   <subfield code="o">813.54 MAR</subfield>
   <subfield code="p">3020009262</subfield>
   <subfield code="r">2020-03-10</subfield>
   <subfield code="s">2020-01-16</subfield>
   <subfield code="t">10</subfield>
   <subfield code="w">2017-09-14</subfield>
   <subfield code="y">BK</subfield>
  </datafield>
  <datafield tag="952" ind1=" " ind2=" ">
   <subfield code="0">0</subfield>
   <subfield code="1">0</subfield>
   <subfield code="2">ddc</subfield>
   <subfield code="4">0</subfield>
   <subfield code="6">813_000000000000000__54_MAR</subfield>
   <subfield code="7">0</subfield>
   <subfield code="9">61185</subfield>
   <subfield code="a">SCL</subfield>
   <subfield code="b">SCL</subfield>
   <subfield code="c">GEN</subfield>
   <subfield code="d">2017-09-14</subfield>
   <subfield code="e">Tajin Boi Gar</subfield>
   <subfield code="g">150.00</subfield>
   <subfield code="l">9</subfield>
   <subfield code="m">41</subfield>
   <subfield code="o">813.54 MAR</subfield>
   <subfield code="p">3020009263</subfield>
   <subfield code="r">2020-02-19</subfield>
   <subfield code="s">2020-01-17</subfield>
   <subfield code="t">11</subfield>
   <subfield code="w">2017-09-14</subfield>
   <subfield code="y">BK</subfield>
  </datafield>
  <datafield tag="952" ind1=" " ind2=" ">
   <subfield code="0">0</subfield>
   <subfield code="1">0</subfield>
   <subfield code="2">ddc</subfield>
   <subfield code="4">0</subfield>
   <subfield code="6">813_000000000000000__54_MAR</subfield>
   <subfield code="7">0</subfield>
   <subfield code="9">61186</subfield>
   <subfield code="a">SCL</subfield>
   <subfield code="b">SCL</subfield>
   <subfield code="c">GEN</subfield>
   <subfield code="d">2017-09-14</subfield>
   <subfield code="e">Tajin Boi Gar</subfield>
   <subfield code="g">150.00</subfield>
   <subfield code="l">13</subfield>
   <subfield code="m">51</subfield>
   <subfield code="o">813.54 MAR</subfield>
   <subfield code="p">3020009264</subfield>
   <subfield code="r">2024-06-24</subfield>
   <subfield code="s">2024-06-05</subfield>
   <subfield code="t">12</subfield>
   <subfield code="w">2017-09-14</subfield>
   <subfield code="y">BK</subfield>
  </datafield>
  <datafield tag="952" ind1=" " ind2=" ">
   <subfield code="0">0</subfield>
   <subfield code="1">0</subfield>
   <subfield code="2">ddc</subfield>
   <subfield code="4">0</subfield>
   <subfield code="6">813_540000000000000_MAR</subfield>
   <subfield code="7">1</subfield>
   <subfield code="9">70320</subfield>
   <subfield code="a">BRACUL</subfield>
   <subfield code="b">BRACUL</subfield>
   <subfield code="c">AAKC</subfield>
   <subfield code="d">2022-03-30</subfield>
   <subfield code="e">Donated by Akbar Ali Khan</subfield>
   <subfield code="l">0</subfield>
   <subfield code="o">813.54 MAR</subfield>
   <subfield code="p">3010038277</subfield>
   <subfield code="r">2022-03-30</subfield>
   <subfield code="t">14</subfield>
   <subfield code="w">2022-03-30</subfield>
   <subfield code="y">BK</subfield>
  </datafield>
  <datafield tag="952" ind1=" " ind2=" ">
   <subfield code="0">0</subfield>
   <subfield code="1">0</subfield>
   <subfield code="2">ddc</subfield>
   <subfield code="4">0</subfield>
   <subfield code="6">813_540000000000000_MAR</subfield>
   <subfield code="7">0</subfield>
   <subfield code="9">75293</subfield>
   <subfield code="a">BRACUL</subfield>
   <subfield code="b">BRACUL</subfield>
   <subfield code="c">AWC</subfield>
   <subfield code="d">2024-03-28</subfield>
   <subfield code="e">R K Corporation</subfield>
   <subfield code="g">975.00</subfield>
   <subfield code="l">11</subfield>
   <subfield code="m">2</subfield>
   <subfield code="o">813.54 MAR</subfield>
   <subfield code="p">3010042431</subfield>
   <subfield code="r">2025-11-26</subfield>
   <subfield code="s">2025-11-18</subfield>
   <subfield code="t">13</subfield>
   <subfield code="v">975.00</subfield>
   <subfield code="w">2024-03-28</subfield>
   <subfield code="y">AWC</subfield>
  </datafield>
 </record>
</collection>
